header

Spring Is Here (Record no. 262570)

MARC details
000 -LEADER
fixed length control field 00212nam a22000977a 4500
020 ## - INTERNATIONAL STANDARD BOOK NUMBER
ISBN 9780823424313
100 ## - MAIN ENTRY--AUTHOR NAME
Personal name Will Hilenbrand
245 ## - TITLE STATEMENT
Title Spring Is Here
260 ## - PUBLICATION, DISTRIBUTION, ETC. (IMPRINT)
Place of publication U.S.A
Name of publisher Holiday House
Year of publication 2011
942 ## - ADDED ENTRY ELEMENTS (KOHA)
Koha item type Long Loan Books
Holdings
Withdrawn status Lost status Collection code Home library Current library Shelving location Date acquired Accession Number Koha item type
    Fiction Rongo University Library Rongo University Library Children's Area 19/01/2024 CL20222259 Long Loan Books

© 2026 Rongo University
Contact us: librarian | system librarian | Rongo university